| 000 | 00856nam a2200265 i 4500 | ||
|---|---|---|---|
| 001 | 110702 | ||
| 003 | ES-MaACL | ||
| 005 | 20240201133418.0 | ||
| 007 | t| | ||
| 008 | 070119s1986 sp ||||1| spa d | ||
| 020 | _a84-7046-405-1 | ||
| 080 | _a165.64(04) | ||
| 100 | 1 |
_aGarcía Borrón, Juan Carlos. _954285 |
|
| 245 | 1 | 0 |
_aEmpirismo e ilustración inglesa _b: de Hobbes a Hume / _cJuan Carlos García-Borrón ; prólogo de Carlos París. |
| 260 |
_aMadrid : _bCincel, _c1985. |
||
| 300 |
_a229 p. : _bil. ; _c19 cm. |
||
| 490 | 1 |
_aHistoria de la filosofía ; _v13 |
|
| 504 | _aBibliografía: p. 227-229. Indice. | ||
| 650 | 1 | 4 |
_aEmpirismo. _912200 |
| 700 | 1 |
_aParís, Carlos, _d1925-2014 _989133 |
|
| 830 | 0 |
_aHistoria de la filosofía ; _v13 _9181726 |
|
| 852 |
_aES-MaACL _jL-15579 |
||
| 942 | _2udc | ||
| 999 |
_c110702 _d110702 |
||